[Event "ROM-chT Blitz"]
[Site "Sebes"]
[Date "2022.12.04"]
[Round "2.26"]
[White "Daianu, Cristian Clement"]
[Black "Tariceanu, Victor"]
[Result "1/2-1/2"]
[WhiteElo "2189"]
[BlackElo "1636"]
[PlyCount "143"]
[EventDate "2022.12.04"]
[EventType "team-swiss (blitz)"]
[EventRounds "8"]
[EventCountry "ROU"]
[SourceTitle "CBM 211 Extra"]
[Source "ChessBase"]
[SourceDate "2023.01.31"]
[SourceVersion "1"]
[SourceVersionDate "2023.01.31"]
[SourceQuality "1"]
[WhiteTeam "Otopeni"]
[BlackTeam "Bucharest CCS 2"]
[WhiteTeamCountry "ROU"]
[BlackTeamCountry "ROU"]

1. e4 Nf6 2. e5 Nd5 3. d4 d6 4. Nf3 g6 5. Bc4 Nb6 6. Bb3 Bg7 7. Ng5 d5 8. e6 Bxe6 9. Nxe6 fxe6 10. 0-0 0-0 11. c3 c6 12. Qe2 Qd6 13. Re1 e5 14. dxe5 Qc7 15. e6 Na6 16. Bg5 Nc5 17. Bc2 Bf6 18. Bh6 Bg7 19. Bxg7 Kxg7 20. Nd2 Rf6 21. Qg4 Qd6 22. Nf3 Nxe6 23. Rad1 Raf8 24. Rd3 Nc5 25. Rde3 Nc8 26. h4 Kh8 27. Re5 Nd7 28. R5e3 Nc5 29. b4 Nd7 30. R1e2 b6 31. Nd4 e5 32. Nf3 e4 33. Ng5 Ne5 34. Qg3 h6 35. Nh3 Nc4 36. Qxd6 N8xd6 37. Rg3 Nf5 38. Rg4 Ne5 39. Rf4 Nd6 40. Rxf6 Rxf6 41. f3 Nec4 42. fxe4 dxe4 43. Bxe4 Re6 44. Bd3 Rxe2 45. Bxe2 Kg7 46. Kf2 Kf6 47. g4 g5 48. hxg5+ hxg5 49. Ng1 Ne5 50. Kg3 Ne4+ 51. Kg2 Nxc3 52. Bf3 Nxf3 53. Kxf3 Nxa2 54. Ke4 Nxb4 55. Ne2 c5 56. Nc3 Nc6 57. Kd5 Ne7+ 58. Kd6 c4 59. Ne4+ Kf7 60. Nxg5+ Ke8 61. Ne4 b5 62. Kc5 a6 63. Kb6 Nd5+ 64. Kxa6 b4 65. Kb5 c3 66. Nc5 c2 67. Nb3 Ke7 68. Kc4 Ne3+ 69. Kxb4 Nxg4 70. Kc3 Ne3 71. Kd2 Nc4+ 72. Kxc2 1/2-1/2

[Event "ROM-chT Rapid"]
[Site "Sebes"]
[Date "2022.12.03"]
[Round "2.26"]
[White "Ionescu, Mihai"]
[Black "Tariceanu, Victor"]
[Result "1/2-1/2"]
[WhiteElo "2243"]
[BlackElo "1636"]
[PlyCount "92"]
[EventDate "2022.12.03"]
[EventType "team-swiss (rapid)"]
[EventRounds "8"]
[EventCountry "ROU"]
[SourceTitle "CBM 211 Extra"]
[Source "ChessBase"]
[SourceDate "2023.01.31"]
[SourceVersion "1"]
[SourceVersionDate "2023.01.31"]
[SourceQuality "1"]
[WhiteTeam "Family Giroc"]
[BlackTeam "Bucharest CCS 2"]
[WhiteTeamCountry "ROU"]
[BlackTeamCountry "ROU"]

1. d4 Nf6 2. Nf3 e6 3. g3 d5 4. c4 Be7 5. Bg2 c6 6. Qc2 Ne4 7. 0-0 0-0 8. Nc3 f5 9. Ne5 Nd7 10. Bf4 Nxe5 11. Bxe5 Bf6 12. Bxf6 Qxf6 13. e3 Nd6 14. c5 Nf7 15. f4 g5 16. Qd2 Bd7 17. b4 Kg7 18. Rab1 b5 19. a4 a6 20. Ra1 h5 21. Ra3 Ra7 22. axb5 cxb5 23. Rfa1 Rfa8 24. Bf1 Qe7 25. Qa2 Nd8 26. Bxb5 Bxb5 27. Nxb5 Rb7 28. Nd6 Rxb4 29. Rxa6 Rxa6 30. Qxa6 gxf4 31. Qa7 Qxa7 32. Rxa7+ Kf6 33. gxf4 Rb1+ 34. Kg2 Rb2+ 35. Kf3 Rxh2 36. Ne8+ Kg6 37. Rg7+ Kh6 38. Rd7 Nc6 39. Rd6 Nb4 40. Rxe6+ Kh7 41. c6 Rc2 42. c7 h4 43. Re7+ Kh6 44. Re6+ Kh7 45. Re7+ Kh6 46. Re6+ Kh7 1/2-1/2

[Event "ROM-chT Rapid"]
[Site "Sebes"]
[Date "2022.12.03"]
[Round "8.29"]
[White "Zinca, Mircea Adrian"]
[Black "Tariceanu, Victor"]
[Result "0-1"]
[WhiteElo "1638"]
[BlackElo "1636"]
[PlyCount "50"]
[EventDate "2022.12.03"]
[EventType "team-swiss (rapid)"]
[EventRounds "8"]
[EventCountry "ROU"]
[SourceTitle "CBM 211 Extra"]
[Source "ChessBase"]
[SourceDate "2023.01.31"]
[SourceVersion "1"]
[SourceVersionDate "2023.01.31"]
[SourceQuality "1"]
[WhiteTeam "Cugir CSO II"]
[BlackTeam "Bucharest CCS 2"]
[WhiteTeamCountry "ROU"]
[BlackTeamCountry "ROU"]

1. d4 Nf6 2. Nf3 e6 3. Bf4 Be7 4. h3 d5 5. e3 Ne4 6. Bd3 f5 7. 0-0 0-0 8. c4 c6 9. Nc3 Bd7 10. Ne5 Be8 11. Bh2 Nd7 12. f3 Nxe5 13. Bxe5 Nd6 14. Bxd6 Bxd6 15. f4 Bg6 16. Qc2 Qh4 17. Qf2 Qf6 18. Qc2 Rfe8 19. b3 c5 20. g4 cxd4 21. g5 Qd8 22. exd4 Qc7 23. Qd2 a6 24. cxd5 Bb4 25. Rac1 Rac8 0-1

[Event "Sebes Romanian Rapid op"]
[Site "Sebes"]
[Date "2022.12.02"]
[Round "1"]
[White "Nevednichy, Vladislav"]
[Black "Tariceanu, Victor"]
[Result "1-0"]
[WhiteElo "2502"]
[BlackElo "1636"]
[PlyCount "71"]
[EventDate "2022.12.02"]
[EventType "swiss (rapid)"]
[EventRounds "8"]
[EventCountry "ROU"]
[SourceTitle "CBM 211 Extra"]
[Source "ChessBase"]
[SourceDate "2023.01.31"]
[SourceVersion "1"]
[SourceVersionDate "2023.01.31"]
[SourceQuality "1"]

1. e4 Nf6 2. e5 Nd5 3. d4 d6 4. Nf3 g6 5. Bc4 Nb6 6. Bb3 Bg7 7. 0-0 0-0 8. e6 Bxe6 9. Bxe6 fxe6 10. Ng5 Qd7 11. Re1 e5 12. c3 Nc6 13. d5 Nd8 14. Qb3 h6 15. Ne4 e6 16. c4 Qf7 17. Nbc3 a5 18. a4 exd5 19. cxd5 Nd7 20. Be3 Qe7 21. Rac1 b6 22. Nb5 Nc5 23. Nxc5 bxc5 24. Rc4 Nf7 25. h4 Rfc8 26. Qc2 Qf6 27. Rg4 Kh7 28. h5 Ng5 29. Bxg5 hxg5 30. Nc3 Qf5 31. hxg6+ Qxg6 32. Ne4 Bh6 33. Re3 Rf8 34. Rxg5 Bxg5 35. Nxg5+ Kh6 36. Rh3+ 1-0

[Event "Sebes Romanian Rapid op"]
[Site "Sebes"]
[Date "2022.12.02"]
[Round "3"]
[White "Tampea, Radu"]
[Black "Tariceanu, Victor"]
[Result "1/2-1/2"]
[WhiteElo "2110"]
[BlackElo "1636"]
[PlyCount "188"]
[EventDate "2022.12.02"]
[EventType "swiss (rapid)"]
[EventRounds "8"]
[EventCountry "ROU"]
[SourceTitle "CBM 211 Extra"]
[Source "ChessBase"]
[SourceDate "2023.01.31"]
[SourceVersion "1"]
[SourceVersionDate "2023.01.31"]
[SourceQuality "1"]

1. d4 Nf6 2. Bf4 e6 3. e3 d5 4. Nf3 c5 5. c3 Nc6 6. Nbd2 Bd6 7. Bg3 Bxg3 8. hxg3 Qb6 9. Qc2 Bd7 10. a3 Rc8 11. Bd3 h6 12. 0-0 0-0 13. Rab1 a6 14. Qd1 c4 15. Bc2 Qc7 16. e4 dxe4 17. Nxe4 Nxe4 18. Bxe4 Qd6 19. Qe2 b5 20. Bc2 Ne7 21. Ne5 Be8 22. g4 f6 23. Nf3 Bg6 24. Rfe1 Bxc2 25. Qxc2 Nd5 26. Qe4 Rce8 27. g3 a5 28. Rbc1 Qd7 29. Re2 Re7 30. Nh4 Rc8 31. Ng6 Ree8 32. Nf4 Nxf4 33. Qxf4 Qd5 34. Rce1 Kf7 35. Re5 Qb7 36. R5e4 Qd5 37. R1e2 Re7 38. Re5 Qb7 39. d5 Rce8 40. dxe6+ Rxe6 41. Rxe6 Rxe6 42. Rxe6 Kxe6 43. Qf5+ Kf7 44. Qc5 Qd7 45. Qb6 a4 46. Qc5 g6 47. Kg2 Ke6 48. Qe3+ Kf7 49. Qe4 f5 50. gxf5 gxf5 51. Qf4 Kg6 52. Qe5 Qc6+ 53. Kh2 Qf3 54. Qe8+ Kh7 55. Qf7+ Kh8 56. Kg1 Qe4 57. Qf6+ Kh7 58. Qb6 Qd5 59. Qe3 Kg7 60. Kh2 Kg6 61. Qf4 Qc5 62. Kg2 Qc6+ 63. Qf3 Qc5 64. Qb7 Qe5 65. Qc6+ Kg7 66. Kf3 Kf7 67. Qb7+ Kf6 68. Qb6+ Kf7 69. Qe3 Qd5+ 70. Kf4 Kf6 71. Qb6+ Kf7 72. Qc7+ Kf6 73. Qb6+ Kf7 74. Qe3 Kf6 75. Qe8 Qd2+ 76. Qe3 Qd6+ 77. Kf3 Qd5+ 78. Ke2 Kg7 79. Qd4+ Qxd4 80. cxd4 b4 81. axb4 c3 82. Kd3 cxb2 83. Kc2 a3 84. b5 Kf7 85. d5 Ke7 86. b6 Kd7 87. Kb1 Kd6 88. Ka2 Kd7 89. f3 h5 90. Kb1 Kd6 91. Kc2 Kd7 92. f4 Kd6 93. Kb1 Kd7 94. Ka2 Kd6 1/2-1/2

[Event "Sebes Romanian Rapid op"]
[Site "Sebes"]
[Date "2022.12.02"]
[Round "6"]
[White "Tariceanu, Victor"]
[Black "Arandjelovic, Aleksandar Z"]
[Result "1-0"]
[WhiteElo "1636"]
[BlackElo "1858"]
[PlyCount "214"]
[EventDate "2022.12.02"]
[EventType "swiss (rapid)"]
[EventRounds "8"]
[EventCountry "ROU"]
[SourceTitle "CBM 211 Extra"]
[Source "ChessBase"]
[SourceDate "2023.01.31"]
[SourceVersion "1"]
[SourceVersionDate "2023.01.31"]
[SourceQuality "1"]

1. e4 c5 2. g3 Nc6 3. Bg2 g6 4. Ne2 Bg7 5. c3 d6 6. d4 cxd4 7. cxd4 Bg4 8. f3 Bd7 9. Nbc3 Nf6 10. Be3 0-0 11. 0-0 a6 12. Qd2 Re8 13. Rac1 e5 14. d5 Ne7 15. b3 Kh8 16. Nd1 b5 17. Nb2 Neg8 18. Nd3 a5 19. Rc2 h6 20. Rfc1 Kh7 21. Rc7 Re7 22. Bb6 Qb8 23. Bxa5 Ne8 24. Qc2 Nxc7 25. Bxc7 Qa7+ 26. Kh1 Qxa2 27. Bxd6 Qxc2 28. Rxc2 Ra1+ 29. Rc1 Rxc1+ 30. Nexc1 Re8 31. Bf1 f6 32. Nc5 Rc8 33. N1d3 Be8 34. Bh3 Ra8 35. Kg1 h5 36. f4 exf4 37. gxf4 Nh6 38. Kg2 Ra2+ 39. Kg1 Ra1+ 40. Kg2 b4 41. Nxb4 Bb5 42. Nbd3 Rd1 43. Nf2 Rd2 44. Be6 f5 45. exf5 gxf5 46. Kf3 Bd4 47. Nh3 Be2+ 48. Kg3 Kg6 49. Bd7 Ng4 50. Be8+ Kh6 51. Bf8+ Kh7 52. Kh4 Bf6+ 53. Ng5+ Kg8 54. Nce6 Bf3 55. Bf7+ Kh8 56. h3 Ne3 57. Kg3 Bxd5 58. Bc5 Rg2+ 59. Kh4 Nf1 60. Kxh5 Ng3+ 61. Kg6 Bxe6 62. Kxf6 Ne4+ 63. Nxe4 Bxf7 64. Ng5 Bxb3 65. Kxf5 Rd2 66. Be7 Rd5+ 67. Kg6 Rb5 68. f5 Kg8 69. f6 Rb6 70. h4 Bc2+ 71. Kh6 Bb3 72. Nf3 Rb5 73. Ng5 Bc4 74. Kg6 Bd3+ 75. Kh5 Be2+ 76. Kh6 Bc4 77. Bd8 Bb3 78. Be7 Bc4 79. Kh5 Be2+ 80. Kg6 Bd3+ 81. Kh6 Bc4 82. Bd6 Rb6 83. Be5 Rb5 84. Bc3 Rb3 85. Be5 Rb5 86. Bc7 Bb3 87. Bd8 Ra5 88. Be7 Ra4 89. h5 Bc2 90. Nf3 Ra5 91. Ng5 Bb3 92. Kg6 Bc2+ 93. Kh6 Bb3 94. Ne4 Bd1 95. Ng5 Bb3 96. Bd8 Bc4 97. Be7 Ra8 98. Ne4 Ra5 99. Ng5 Bb3 100. Bd8 Bc4 101. Be7 Bb3 102. Bd8 Bf7 103. Bxa5 Bd5 104. Kg6 Bc4 105. f7+ Bxf7+ 106. Nxf7 Kf8 107. h6 Ke8 1-0

[Event "ROM-ch U12"]
[Site "Calimanesti Caciulata"]
[Date "2019.04.20"]
[Round "7"]
[White "Tariceanu, Victor"]
[Black "Soare, Andrei"]
[Result "1-0"]
[WhiteElo "1619"]
[BlackElo "1138"]
[PlyCount "25"]
[EventDate "2019.04.15"]
[EventType "swiss"]
[EventRounds "9"]
[EventCountry "ROU"]
[SourceTitle "CBM 190 Extra"]
[Source "ChessBase"]
[SourceDate "2019.07.15"]
[SourceVersion "1"]
[SourceVersionDate "2019.07.15"]
[SourceQuality "1"]

1. e4 c5 2. g3 d6 3. Bg2 g6 4. Ne2 Nf6 5. c3 Bg7 6. d3 Nc6 7. 0-0 0-0 8. Nd2 b6 9. e5 dxe5 10. Bxc6 Rb8 11. Nc4 Qxd3 12. Qxd3 Ne4 13. Qxe4 1-0

[Event "ROM-ch U12"]
[Site "Calimanesti Caciulata"]
[Date "2019.04.16"]
[Round "2"]
[White "Antohi, Bogdan"]
[Black "Tariceanu, Victor"]
[Result "0-1"]
[WhiteElo "1005"]
[BlackElo "1619"]
[PlyCount "141"]
[EventDate "2019.04.15"]
[EventType "swiss"]
[EventRounds "9"]
[EventCountry "ROU"]
[SourceTitle "CBM 190 Extra"]
[Source "ChessBase"]
[SourceDate "2019.07.15"]
[SourceVersion "1"]
[SourceVersionDate "2019.07.15"]
[SourceQuality "1"]

1. e4 Nf6 2. Nc3 d5 3. exd5 Nxd5 4. Nxd5 Qxd5 5. Nf3 Nc6 6. h3 g6 7. b3 Bg7 8. Rb1 Bf5 9. Bb2 Bxb2 10. Rxb2 Nd4 11. Nxd4 Qxd4 12. Rb1 Qe4+ 13. Be2 Qxc2 14. Qxc2 Bxc2 15. Rc1 Be4 16. f3 Bc6 17. b4 a6 18. Kf2 0-0-0 19. d3 Rd4 20. a3 Rhd8 21. Rcd1 Bb5 22. Ke3 e5 23. Rd2 f5 24. Rhd1 c6 25. g3 f4+ 26. gxf4 Rxf4 27. Bf1 Kc7 28. Be2 b6 29. Ra1 Ba4 30. Rc1 Rdd4 31. Re1 Bb3 32. Rb1 Be6 33. Rh1 Rh4 34. Bf1 Bf5 35. Rd1 Rd6 36. Rh2 Rhd4 37. Rf2 g5 38. Rh2 Kd7 39. Rf2 h6 40. Rh2 R6d5 41. Rf2 a5 42. Rb2 axb4 43. axb4 Rh4 44. Ra2 Rxb4 45. Ra7+ Kd6 46. Ra8 Rh4 47. Rd8+ Kc7 48. Rf8 Bd7 49. Rf7 Rf4 50. Rh7 Rd6 51. Re7 Re6 52. Rh7 Ref6 53. Bg2 b5 54. Re7 Re6 55. Rg7 Ra4 56. Rh7 Ra2 57. Rg1 c5 58. Bh1 Kd6 59. Rh8 Rf6 60. Rb8 b4 61. Rb6+ Ke7 62. Rb7 Kd8 63. Rb8+ Kc7 64. Rh8 Bc6 65. Rc1 Ra5 66. Rh7+ Kd6 67. Rh8 Bd7 68. Rd8 Kc7 69. Rh8 b3 70. Rb1 Rb5 71. Rh7 0-1

[Event "ROM-ch U10"]
[Site "Baile Felix"]
[Date "2017.02.05"]
[Round "5"]
[White "Tariceanu, Victor"]
[Black "Visanescu, Dragos Nicholas"]
[Result "1/2-1/2"]
[WhiteElo "1195"]
[BlackElo "1353"]
[PlyCount "103"]
[EventDate "2017.02.02"]
[EventType "swiss"]
[EventRounds "9"]
[EventCountry "ROU"]
[SourceTitle "CBM 176 Extra"]
[Source "ChessBase"]
[SourceDate "2017.03.02"]
[SourceVersion "1"]
[SourceVersionDate "2017.03.02"]
[SourceQuality "1"]

1. Nf3 d5 2. d4 Nf6 3. g3 e6 4. Nc3 Be7 5. Bg2 0-0 6. 0-0 b6 7. Bg5 h6 8. Bxf6 Bxf6 9. e3 Bb7 10. Re1 Nd7 11. Rb1 c5 12. b4 Qc7 13. Nb5 Qc6 14. bxc5 bxc5 15. dxc5 Nxc5 16. Qc1 Rfc8 17. Rd1 Ba6 18. Nbd4 Bxd4 19. Nxd4 Qd7 20. Nb3 Be2 21. Nxc5 Rxc5 22. Rd2 Ba6 23. Qa3 Qd6 24. Rbd1 Qb6 25. Qb3 Qxb3 26. cxb3 Rac8 27. e4 Rc1 28. h4 Rxd1+ 29. Rxd1 dxe4 30. Bxe4 Bb5 31. a4 Be8 32. Kf1 f5 33. Bd3 Kf7 34. Bc4 Ke7 35. Rc1 Bf7 36. Rc2 e5 37. Bd3 Rxc2 38. Bxc2 f4 39. gxf4 exf4 40. Ke2 Bh5+ 41. Kd2 Kd6 42. b4 g5 43. hxg5 hxg5 44. Bd3 Kd5 45. Kc3 g4 46. Bf1 g3 47. fxg3 fxg3 48. Bg2+ Ke5 49. Kc4 Kf4 50. Kd4 Bf3 51. Bf1 Be2 52. Bg2 1/2-1/2

[Event "ROM-ch U10"]
[Site "Baile Felix"]
[Date "2017.02.03"]
[Round "2"]
[White "Tariceanu, Victor"]
[Black "Antohi, Rares Nicusor"]
[Result "1-0"]
[WhiteElo "1195"]
[BlackElo "1284"]
[PlyCount "83"]
[EventDate "2017.02.02"]
[EventType "swiss"]
[EventRounds "9"]
[EventCountry "ROU"]
[SourceTitle "CBM 176 Extra"]
[Source "ChessBase"]
[SourceDate "2017.03.02"]
[SourceVersion "1"]
[SourceVersionDate "2017.03.02"]
[SourceQuality "1"]

1. d4 Nf6 2. c4 g6 3. Nc3 Bg7 4. e4 d6 5. Nf3 0-0 6. h3 Nbd7 7. Be3 e5 8. dxe5 dxe5 9. Be2 Ne8 10. 0-0 f5 11. Bg5 Nef6 12. Qd2 Qe8 13. Qc2 Nc5 14. Bxf6 Bxf6 15. Bd3 Bg7 16. Rad1 c6 17. exf5 gxf5 18. Rfe1 e4 19. Bf1 Qg6 20. Nh2 Re8 21. Qe2 Re5 22. Qe3 Re6 23. Qxc5 b6 24. Qe3 Qf6 25. Qd2 Bh6 26. Qd8+ Qxd8 27. Rxd8+ Kg7 28. Rdd1 Rb8 29. Re2 Rb7 30. Rde1 Rd7 31. g4 fxg4 32. Nxg4 Bd2 33. Rd1 Bxc3 34. Rxd7+ Bxd7 35. bxc3 Re7 36. Bg2 Bf5 37. f3 Bxg4 38. fxg4 e3 39. Kh2 Kf6 40. Kg3 Re5 41. Bxc6 Rc5 42. Bb5 1-0

[Event "ROM-ch U08"]
[Site "Calimanesti Caciulata"]
[Date "2016.04.22"]
[Round "6"]
[White "Popescu, Bogdan Tudor"]
[Black "Tariceanu, Victor"]
[Result "1-0"]
[WhiteElo "1001"]
[BlackElo "1001"]
[PlyCount "41"]
[EventDate "2016.04.18"]
[EventType "swiss"]
[EventRounds "9"]
[EventCountry "ROU"]
[SourceTitle "CBM 172 Extra"]
[Source "ChessBase"]
[SourceDate "2016.06.21"]
[SourceVersion "1"]
[SourceVersionDate "2016.06.21"]
[SourceQuality "1"]

1. e4 e5 2. Nf3 Nc6 3. Bc4 Nf6 4. Ng5 d6 5. Nxf7 Bg4 6. f3 Qd7 7. Nxh8 Bh5 8. d3 0-0-0 9. g4 Bg6 10. Nxg6 hxg6 11. Be3 Be7 12. Nc3 Nd4 13. Bxd4 exd4 14. Nd5 Nxd5 15. Bxd5 Bh4+ 16. Ke2 c6 17. Bb3 Bg5 18. h4 Bf6 19. g5 Be5 20. Qd2 Re8 21. Qa5 1-0

[Event "ROM-ch U08"]
[Site "Calimanesti Caciulata"]
[Date "2016.04.19"]
[Round "2"]
[White "Chiriac, Radu Bogdan"]
[Black "Tariceanu, Victor"]
[Result "1-0"]
[WhiteElo "1001"]
[BlackElo "1001"]
[PlyCount "51"]
[EventDate "2016.04.18"]
[EventType "swiss"]
[EventRounds "9"]
[EventCountry "ROU"]
[SourceTitle "CBM 172 Extra"]
[Source "ChessBase"]
[SourceDate "2016.06.21"]
[SourceVersion "1"]
[SourceVersionDate "2016.06.21"]
[SourceQuality "1"]

1. e4 c5 2. Nf3 Nc6 3. d4 cxd4 4. Nxd4 Nf6 5. Nxc6 bxc6 6. Bd3 e6 7. 0-0 Bc5 8. Nc3 d6 9. Re1 Bd7 10. e5 dxe5 11. Rxe5 Bd6 12. Re1 Qc7 13. h3 Bh2+ 14. Kh1 c5 15. g3 Bc6+ 16. Be4 Nxe4 17. Nxe4 f5 18. Qh5+ g6 19. Bf4 Bxe4+ 20. Kxh2 Qb6 21. Qg5 Bb7 22. Qf6 Bd5 23. Qxh8+ Kf7 24. Qe5 Re8 25. Qc7+ Qxc7 26. Bxc7 1-0